| 000 | 00415nam a22001817a 4500 | ||
|---|---|---|---|
| 003 | OSt | ||
| 008 | 250416b |||||||| |||| 00| 0 eng d | ||
| 020 | _a9789361594687 | ||
| 082 | _a332 CHI | ||
| 100 | _aCHAVAN,Chandrahauns | ||
| 245 | _aIntroduction to Fintech | ||
| 250 | _a1st IMP | ||
| 260 |
_aNew Delhi _bPearson2025 |
||
| 300 | _a283 | ||
| 650 | _aFintech | ||
| 700 | _aPATANKAR,Atul | ||
| 942 |
_2ddc _cBK |
||
| 999 |
_c13298 _d13298 |
||